00722nam a22001937a 450000500170000001000150001702000270003203500140005903700090007308200110008210000410009324500760013426000430021027000450025330000290029894200250032799900190035295201570037120250306163853.0 aENG-143980 a9781615993574c2745.00 aEN-127512 bDBAD a881.08 aMukhopadhyaya, Ramesh Chandra979356 aK.V. Dominic Criticism and Commentary/cby Ramesh Chandra Mukhopadhyaya aAnn ArborbModern history press,c2017 a5145 Pontiac trail bAnn ArboreMI-48105 aix, 86p.:c27cm(pb)bill 2ddccENh881.08mMUK c210140d210140 001040718NFICaDBADbDBADd2025-03-06eDelivery of Books Divisiong2745.00l0o881.08 MUKpEN-127512r2025-03-06 00:00:00t1v2745.00w2025-03-06yEN